| 000 | 00609nam a2200205 a 4500 | ||
|---|---|---|---|
| 005 | 20140310183314.0 | ||
| 008 | 051004s19uu xx 00 eng d | ||
| 020 | _a0534507786 | ||
| 050 |
_aP 91 _b.B36 2004 |
||
| 100 | _aBaxter, Leslie A. | ||
| 245 |
_aThe basics of communication research / _cLeslie A. Baxter. |
||
| 260 |
_aAustralia : _bThomson/Wadsworth, _c2004. |
||
| 300 |
_a455 p. : _bcol. ill. ; _c26 cm. |
||
| 440 | _aWasdworth Series in Communication | ||
| 521 | _aMC | ||
| 650 |
_aCommunication _xResearch _xMethodology. |
||
| 700 | _aBabbie, Earl | ||
| 942 |
_cBK _2lcc _kFOR |
||
| 999 |
_c21254 _d21254 |
||